[Event "73rd ARM-chW Highest League 2018"]
[Site "Yerevan"]
[Date "2018.01.17"]
[Round "6"]
[White "Khachatryan, Anna"]
[Black "Galojan, Lilit"]
[Result "1/2-1/2"]
[WhiteElo "2004"]
[BlackElo "2300"]
[Annotator "TA"]
[PlyCount "126"]
[EventDate "2018.??.??"]
[EventType "tourn"]
[EventCountry "ARM"]
[SourceTitle "playchess.com"]
[Source "ChessBase"]
[SourceQuality "1"]

{[%evp 11,126,4,8,4,8,9,15,21,18,4,18,22,40,30,55,53,94,75,135,47,68,15,20,15,15,17,50,10,10,13,18,5,5,5,10,7,9,0,0,0,8,0,5,0,0,0,0,0,0,0,0,0,0,0,0,0,0,0,0,0,0,0,0,0,0,0,0,0,0,0,0,-4,0,0,0,0,0,0,0,-7,0,0,0,0,0,0,0,0,0,0,0,-37,0,0,0,-349,-364,-508,0,-226,-199,-290,-8,-29,0,0,0,-40,0,-12,-12,-12,0,0,0,0,0]} 1. d4 Nf6 2. c4 e6 3. Nf3 b6 4. g3 Bb4+ 5. Bd2 Be7 6. Bg2 Bb7 7. O-O {E16: Queen's Indian: 4 g3 Bb7 5 Bg2 Bb4+} c6 8. Nc3 d5 9. Bf4 O-O 10. Rc1 Nh5 11. Be5 Nd7 12. cxd5 exd5 13. e4 {[#]} dxe4 $146 ({Find the theoretical novelty and annotate with similar games:} 13... f6 14. exd5 cxd5 15. Bc7 Qxc7 16. Nh4 Nf4 17. gxf4 Rf7 18. Nxd5 Qb8 19. Nxe7+ Rxe7 20. Nf5 Re8 21. Qb3+ Kh8 22. Bxb7 Qxb7 23. Nd6 {1-0 (23) Gelfand,B (2733)-Aronian,L (2744) Monte Carlo 2007}) 14. Nxe4 Nhf6 {[#]} (14... Re8 $142) 15. Nxf6+ (15. Nd6 $1 $16 {[%cal Rd6b7]} Nxe5 16. Nxb7 Nxf3+ 17. Bxf3) 15... Nxf6 16. Bxf6 (16. Nh4 $1 $14) 16... Bxf6 $11 17. Ne5 Bxe5 18. dxe5 Qc8 19. Bxc6 Bxc6 20. Qd6 Qa6 21. Qxc6 {Threatening e6.} Qxa2 22. Rc2 Rae8 23. f4 Rd8 24. Qc4 Qxc4 25. Rxc4 {[%mdl 4096] Endgame KRR-KRR} Rd7 26. Rfc1 Rfd8 27. Rc8 Kf8 28. Rxd8+ Rxd8 {KR-KR} 29. Rc2 Ke7 30. Kf2 Rd5 31. Ke3 Kd7 32. Ke4 Rd1 33. Ke3 a5 34. Ke4 g6 35. Ke3 h6 36. Rc4 Rb1 37. Rc2 Rd1 38. Rc4 Rb1 39. Rc2 h5 40. Kd4 Rd1+ 41. Ke3 Rd5 42. Ke4 Rb5 43. Kd4 Rb3 44. Kc4 a4 45. Kd5 Rb5+ 46. Kd4 Rb3 47. Kd5 Rb4 48. Rd2 h4 49. Rc2 h3 50. Rd2 Rb3 51. Rc2 Rf3 52. Ke4 Rf1 53. Rc4 $2 {[%mdl 8192]} (53. Rd2+ $11 {and White is okay.} Kc6 54. Ke3) 53... b5 $19 54. Rc5 b4 $2 (54... Rf2 $19 55. Rxb5 Rxh2) 55. Ra5 $2 (55. Rc4 $1 $11 {and White stays safe.}) 55... Ra1 56. Kd5 {[#]} (56. Ra7+ $142 Kc6 57. Ra8 (57. Rxf7 $2 a3 $19)) 56... a3 $2 (56... b3 $1 $19 {And now ...a3! would win.} 57. Kc4 Rc1+ 58. Kd3 Rc2 59. Rxa4 Rxh2 60. Ra7+ Ke6 61. Ra6+ Kd5 62. Ra5+ Ke6 63. Ra6+ Kd5 64. Ra5+ Ke6 65. Ra6+) 57. Ra7+ Ke8 58. bxa3 bxa3 {Strongly threatening ...a2.} (58... Rxa3 $5 59. Rb7 $8 Ra2 $11) 59. Kd6 {[%cal Ra7a8]} Kf8 60. Ra8+ {The position is equal.} Kg7 {Threatens to win with ...Ra2.} 61. Ke7 Ra2 62. g4 Rxh2 {...a2 is the strong threat.} 63. Rxa3 Rh1 {Precision: White = 61%, Black = 57%.} 1/2-1/2

[Event "73rd ARM-chW Highest League 2018"]
[Site "Yerevan"]
[Date "2018.01.17"]
[Round "6"]
[White "Arakelyan, Nare"]
[Black "Mkrtchyan, Mariam"]
[Result "1-0"]
[WhiteElo "1747"]
[BlackElo "1834"]
[Annotator "NA RC"]
[PlyCount "79"]
[EventDate "2018.??.??"]
[EventType "tourn"]
[EventCountry "ARM"]
[SourceTitle "playchess.com"]
[Source "ChessBase"]
[SourceQuality "1"]
[TimeControl "40/5400+30:1800+30"]

{[%evp 8,61,12,-2,16,7,16,0,14,-11,5,32767,28,33,34,32767,112,32767,32767,32767,32767,32767,32767,32767,32767,32767,32767,32767,32767,32767,32767,79,32767,32767,138,32767,32767,155,220,234,202,173,168,155,175,164,170,145,133,154,159,145,145,32767,191,75]} 1. e4 {[%emt 0:00:00]} c6 {[%emt 0:00:17]} 2. d4 {[%emt 0:00:00]} d5 {[%emt 0:00:05]} 3. e5 {[%emt 0:00:01]} Bf5 {[%emt 0:00:44]} 4. h4 {[%emt 0:00:13]} h5 {[%emt 0:01:06]} 5. Bd3 {[%emt 0:00:10]} Bxd3 {[%emt 0:00:37]} 6. Qxd3 {[%emt 0:00:04]} e6 {[%emt 0:00:26]} 7. Bg5 {[%emt 0:00:07] B12: Caro-Kann (Vorstoß-Variante)} Qb6 {[%emt 0:05:35] LiveBook: 144 Games} (7... Be7 8. Nf3 c5 9. dxc5 Nd7 10. b4 Bxg5 11. hxg5 Ne7 12. Nc3 a5 13. Nb5 axb4 14. Nd6+ Kf8 {½-½ (52) Nepomniachtchi,I (2729)-Laznicka,V (2647) Riadh 2017}) 8. Nd2 {[%emt 0:01:24]} c5 {[%emt 0:05:43]} 9. c4 {[%emt 0:08:19]} Qa6 {[%emt 0:21:33]} 10. Ngf3 {[%emt 0:06:09]} Nc6 {[%emt 0:03:06]} 11. O-O $146 {[%emt 0:14:56]} ({Vorgänger:} 11. dxc5 Bxc5 12. O-O Nh6 13. a3 Ng4 14. Rae1 Be7 {1-0 (30) Lopez Martinez,J (2552)-Guerra Mendez,J (2542) Barcelona 2017}) 11... Nge7 {[%emt 0:14:44]} (11... cxd4 $14 12. Rfe1 (12. Nxd4 Nxe5 13. Qb3 dxc4 $11) 12... Rc8) 12. Qc3 {[%emt 0:07:22]} cxd4 {[%emt 0:06:25]} 13. Nxd4 {[%emt 0:01:11]} Nxd4 {[%emt 0:01:18]} 14. Qxd4 {[%emt 0:00:07]} Nc6 {[%emt 0:00:38]} 15. Qf4 {[%emt 0:01:55]} Be7 {[%emt 0:03:48]} 16. cxd5 {[%emt 0:01:34]} exd5 {[%emt 0:00:17]} 17. Rfe1 {[%emt 0:00:35]} O-O {[%emt 0:01:29]} 18. Bxe7 {[%emt 0:06:44]} Nxe7 {[%emt 0:00:11]} 19. Qg5 {[%emt 0:00:09]} Nc6 {[%emt 0:07:02]} 20. Nf3 {[%emt 0:02:00]} Rae8 {[%emt 0:04:27]} 21. Qxh5 {[%emt 0:01:34]} Nb4 {[%emt 0:01:32]} 22. Nd4 {[%emt 0:05:08]} Qh6 {[%emt 0:05:39]} 23. Qxh6 {[%emt 0:03:32]} gxh6 {[%emt 0:00:01]} 24. Re3 {[%emt 0:02:16]} Nc6 {[%emt 0:02:50]} 25. Nxc6 {[%emt 0:01:15]} bxc6 {[%emt 0:00:01]} 26. Rc1 {[%emt 0:00:14]} Re6 {[%emt 0:01:12]} 27. Rec3 {[%emt 0:02:15]} Rxe5 {[%emt 0:06:12]} 28. Rxc6 {[%emt 0:00:04]} Rd8 {[%emt 0:00:20]} 29. Rxh6 {[%emt 0:11:04]} d4 $16 {[%emt 0:00:09]} 30. Rhc6 {[%emt 0:00:56]} Kg7 {[%emt 0:02:50] [#]} (30... Re2 $16) 31. R6c2 {[%emt 0:02:05]} (31. Kf1 $1 $18 {and White stays clearly on top.}) 31... Rdd5 {[%emt 0:02:42]} 32. Rd1 {[%emt 0:01:35]} Re4 {[%emt 0:00:15]} 33. g3 {[%emt 0:00:11]} a5 {[%emt 0:00:01]} 34. Rcd2 {[%emt 0:00:20]} f5 {[%emt 0:00:21]} 35. f3 {[%emt 0:00:44]} Re3 {[%emt 0:00:16]} 36. Kf2 {[%emt 0:00:12]} Rde5 {[%emt 0:00:21]} 37. Rxd4 {[%emt 0:02:14]} Re2+ {[%emt 0:00:01]} 38. Kf1 {[%emt 0:00:13]} Rxb2 {[%emt 0:00:07]} 39. R4d2 {[%emt 0:01:53]} Rb4 {[%emt 0:00:12]} 40. Rd5 {[%emt 0:00:00]} 1-0

[Event "73rd ARM-chW Highest League 2018"]
[Site "Yerevan"]
[Date "2018.01.18"]
[Round "7"]
[White "Galojan, Lilit"]
[Black "Asatryan, Sona"]
[Result "1-0"]
[WhiteElo "2300"]
[BlackElo "2111"]
[Annotator "NA RC"]
[PlyCount "87"]
[EventDate "2018.??.??"]
[EventType "tourn"]
[EventCountry "ARM"]
[SourceTitle "playchess.com"]
[Source "ChessBase"]
[SourceQuality "1"]
[TimeControl "40/5400+30:1800+30"]

{[%evp 8,87,13,19,14,8,18,32767,32767,32767,32767,32767,32767,32767,44,19,26,34,54,73,32767,2,16,32767,32767,32767,12,2,72,32767,32767,32767,60,40,73,69,110,106,32767,107,116,32767,32767,32767,32767,73,32767,37,32767,116,32767,112,32767,32767,166,32767,197,200,32767,32767,483,609,483,476,487,215,488,545,592,32767,589,841,833,1054,814,1335,1042,1208,1610,1655,5795,5700]} 1. d4 {[%emt 0:00:00]} Nf6 {[%emt 0:00:16]} 2. Nf3 {[%emt 0:00:00]} e6 {[%emt 0:00:27]} 3. c4 {[%emt 0:00:06]} b6 {[%emt 0:00:02]} 4. g3 {[%emt 0:00:11]} Bb7 {[%emt 0:00:06]} 5. Bg2 {[%emt 0:00:06] LiveBook: 8609 Games} Be7 {[%emt 0:00:04]} 6. O-O {[%emt 0:00:07]} O-O {[%emt 0:00:03]} 7. Re1 {[%emt 0:00:19]} a5 {[%emt 0:00:43] E17: Queen's Indian: 4 g3 Bb7 5 Bg2 Be7} (7... Na6 8. Ne5 Bxg2 9. Kxg2 c5 10. d5 Qc7 11. Nf3 Ne4 12. a3 f5 13. Qd3 Qb7 14. Nbd2 Nxd2 15. Bxd2 Bf6 {0-1 (38) Mamedyarov,S (2799)-Korobov,A (2652) Huaian 2017}) 8. Nc3 {[%emt 0:00:49]} Ne4 {[%emt 0:00:11]} 9. Qc2 {[%emt 0:01:07]} Nxc3 {[%emt 0:00:52]} 10. bxc3 {[%emt 0:00:48]} f5 {[%emt 0:00:10]} 11. Ne5 {[%emt 0:00:58]} Bxg2 {[%emt 0:02:44]} 12. Kxg2 {[%emt 0:00:05]} d6 {[%emt 0:13:40]} 13. Nf3 $146 {[%emt 0:00:06]} ({Predecessor:} 13. Nd3 Bg5 14. Bxg5 Qxg5 15. c5 bxc5 {½-½ (52) Aranaz Murillo,A (2162)-Alcaraz Ortega,J (2247) Padrun 2011}) 13... a4 {[%emt 0:13:06]} 14. h4 {[%emt 0:17:00]} ({Better is} 14. e4 $14) 14... Ra5 {[%emt 0:05:02]} 15. Ba3 {[%emt 0:20:31]} Nd7 {[%emt 0:06:53]} 16. Rad1 {[%emt 0:17:28]} Qe8 {[%emt 0:06:05]} 17. e4 {[%emt 0:10:39]} Qh5 {[%emt 0:12:16]} 18. e5 {[%emt 0:01:25]} f4 {[%emt 0:04:24]} 19. Qe2 {[%emt 0:01:55]} Rf7 {[%emt 0:03:59] [#]} 20. Rd3 {[%emt 0:19:35]} ({Günstiger ist} 20. Bb4 $1 $16) 20... Qg6 {[%emt 0:15:02]} 21. Bb4 {[%emt 0:01:07]} fxg3 {[%emt 0:02:19]} 22. fxg3 {[%emt 0:00:19]} Ra8 {[%emt 0:03:50]} 23. exd6 {[%emt 0:01:24]} Bxd6 {[%emt 0:02:37]} 24. Bxd6 {[%emt 0:00:05]} cxd6 {[%emt 0:00:01]} 25. Ng5 {[%emt 0:00:23]} Re7 {[%emt 0:01:16]} 26. Nxe6 {[%emt 0:02:28]} Rae8 {[%emt 0:02:14]} 27. Re3 {[%emt 0:00:24]} Nf8 {[%emt 0:01:10] [#]} 28. d5 $1 {[%emt 0:01:39]} Nd7 {[%emt 0:01:03] [#]} 29. Re4 {[%emt 0:01:19]} (29. h5 $1 $18 {[%cal Rh5g6]} Qh6 30. Rf1) 29... Rc8 {[%emt 0:01:58]} 30. Rf1 {[%emt 0:01:20]} Nf6 {[%emt 0:01:00]} 31. Ref4 {[%emt 0:00:46]} h6 {[%emt 0:00:51]} 32. Rf5 {[%emt 0:00:42]} b5 {[%emt 0:01:13]} 33. h5 {[%emt 0:00:25]} Qg4 {[%emt 0:00:48]} 34. Qxg4 {[%emt 0:00:18]} Nxg4 {[%emt 0:00:01]} 35. Rf8+ {[%emt 0:00:09]} Rxf8 {[%emt 0:00:07]} 36. Rxf8+ {[%emt 0:00:02]} Kh7 {[%emt 0:00:06]} 37. cxb5 {[%emt 0:01:13]} Ne3+ {[%emt 0:00:23]} 38. Kf3 {[%emt 0:00:46]} Nxd5 {[%emt 0:00:23]} 39. Nf4 {[%emt 0:00:51]} Nxf4 {[%emt 0:01:36]} 40. Rxf4 {[%emt 0:00:00]} Rb7 {[%emt 0:00:46]} 41. Rb4 {[%emt 0:00:33]} g6 {[%emt 0:01:27]} 42. Ke4 {[%emt 0:00:44]} gxh5 {[%emt 0:01:11]} 43. b6 {[%emt 0:00:14]} Kg6 {[%emt 0:00:30]} 44. Kd5 $18 {[%emt 0:00:05]} 1-0

[Event "73rd ARM-chW Highest League 2018"]
[Site "Yerevan"]
[Date "2018.01.18"]
[Round "7"]
[White "Sargsyan, Anna M."]
[Black "Gevorgyan, Maria"]
[Result "0-1"]
[WhiteElo "2214"]
[BlackElo "2258"]
[Annotator "TA"]
[PlyCount "70"]
[EventDate "2018.??.??"]
[EventType "tourn"]
[EventCountry "ARM"]
[SourceTitle "playchess.com"]
[Source "ChessBase"]
[SourceQuality "1"]

{[%evp 19,70,79,87,63,58,60,79,72,64,62,83,54,57,57,52,62,82,53,123,72,89,58,50,36,15,0,0,0,81,-11,-10,-10,0,0,0,-11,-10,-7,27,31,201,191,310,86,162,109,78,-228,-226,-1783,-1779,-2643,-564]} 1. d4 Nf6 2. Nf3 e6 3. e3 b6 4. Bd3 Bb7 5. O-O Be7 6. c4 c5 7. Nc3 O-O 8. d5 exd5 9. cxd5 d6 10. e4 Ba6 {LiveBook: 24 Partien} 11. Bxa6 {E14: Damenindisch (Zentralsystem)} (11. Re1 Bxd3 12. Qxd3 Nbd7 13. h3 Ne8 14. Bf4 Bf6 15. Rad1 Qe7 16. e5 Bxe5 17. Bxe5 dxe5 18. d6 Qe6 {1-0 (35) Richter,M (2505)-Mista,A (2588) Germany 2017}) 11... Nxa6 12. Bf4 $146 ({Vorgänger:} 12. Re1 Nd7 13. Bf4 Nc7 14. Qd3 a6 15. Rad1 f6 16. Nh4 Ne5 17. Qg3 Re8 18. Bc1 Bf8 {1-0 (43) Czebe,A (2468)-Kristjansson,S (2474) Beijing 2008}) 12... Nh5 13. Be3 {Weiß steht besser.} g6 14. Nd2 Re8 15. a3 Nc7 16. f4 Bf6 17. Qf3 Bg7 18. Bf2 Bh6 (18... Qd7 $14) 19. g3 (19. Rad1 $142) 19... Qd7 20. Rae1 Nf6 21. Kg2 Ng4 22. Bg1 f5 23. Nc4 {Und weiter mit e5 wäre nett.} b5 {[#]} (23... Bg7 $11 {hält das Gleichgewicht.}) 24. h3 (24. Nxd6 $1 $16 {[%mdl 512]} Qxd6 25. e5 Rxe5 26. fxe5 Nxe5 27. Rxe5 $1 {[%mdl 512]} Qxe5 28. d6 $1 {[%mdl 512]} (28. Bxc5 Rd8 $14) 28... Qxd6 29. Nxb5 $1 {[%mdl 512]} Nxb5 30. Qxa8+ Bf8 31. Bf2) 24... bxc4 $11 25. hxg4 fxg4 26. Qe2 Rab8 27. Rf2 Bg7 $36 {[%mdl 2048] und nun wäre ...Df7 stark für Schwarz. Schwarz hat Initiative.} 28. Qxc4 Qf7 29. e5 Qf5 $2 (29... g5 $14) 30. Ne4 $1 $18 {[%cal Re4d6]} Rbd8 (30... Nb5 $142) 31. Bh2 $2 (31. exd6 Nb5 $16) (31. Nxd6 $18 Qh5 32. Rd2 Qh3+ 33. Kf2) 31... Kh8 (31... Na8 $16 {kämpft weiter.}) 32. Ree2 ({Minderwertig wäre} 32. Nxd6 Rxd6 33. Qxc5 (33. exd6 Rxe1 34. dxc7 Bd4 $15) 33... Rd7 $15) ({Besser ist} 32. Rff1 $1 $18 dxe5 33. Nd6 $1 {[%mdl 512]} (33. Qxc5 Nxd5 34. Nd6 Bf8 $17) 33... Rxd6 34. fxe5 Qxf1+ 35. Qxf1 Rxd5 36. Qf7 Rdxe5 37. Rxe5 Bxe5 38. Bg1) 32... dxe5 $16 {[#]} 33. d6 $2 {[%mdl 8192] [#]} (33. Nd6 $1 $16 {[%mdl 512] hält den Druck.} Rxd6 34. fxe5 Qxf2+ 35. Rxf2 Rxd5 36. Re2) 33... exf4 $1 $19 {[%cal Be5f4,Bf4f3][%mdl 32]} 34. dxc7 $2 (34. Rxf4 Qd5 35. b3 Rxd6 36. Bg1) 34... f3+ 35. Kf1 Rd1+ {Precision: Weiß = 24%, Schwarz = 41%.} 0-1

[Event "73rd ARM-chW Highest League 2018"]
[Site "Yerevan"]
[Date "2018.01.18"]
[Round "7"]
[White "Gaboyan, Susanna"]
[Black "Kursova, Maria"]
[Result "0-1"]
[WhiteElo "2168"]
[BlackElo "2249"]
[Annotator "ChessBase"]
[PlyCount "118"]
[EventDate "2018.??.??"]
[EventType "tourn"]
[EventCountry "ARM"]
[SourceTitle "playchess.com"]
[Source "ChessBase"]
[SourceQuality "1"]
[TimeControl "40/5400+30:1800+30"]

1. d4 {[%emt 0:03:08]} Nf6 {[%emt 0:00:10]} 2. Bg5 {[%emt 0:00:11]} e6 {[%emt 0:00:14]} 3. e4 {[%emt 0:00:10]} h6 {[%emt 0:00:15]} 4. Bxf6 {[%emt 0:00:10]} Qxf6 {[%emt 0:00:07]} 5. Nc3 {[%emt 0:00:41]} Bb4 {[%emt 0:00:46]} 6. Qd2 {[%emt 0:00:12]} d6 {[%emt 0:03:08]} 7. f4 {[%emt 0:03:01]} e5 {[%emt 0:15:13]} 8. Nge2 {[%emt 0:08:00]} exd4 {[%emt 0:11:57]} 9. Qxd4 {[%emt 0:03:56]} Qxd4 {[%emt 0:01:33]} 10. Nxd4 {[%emt 0:00:09]} Nc6 {[%emt 0:20:59]} 11. O-O-O {[%emt 0:13:37]} Nxd4 {[%emt 0:07:49]} 12. Rxd4 {[%emt 0:03:19]} Bxc3 {[%emt 0:06:44]} 13. bxc3 {[%emt 0:00:14]} Ke7 {[%emt 0:00:09]} 14. Bc4 {[%emt 0:02:29]} Be6 {[%emt 0:01:24]} 15. Bb3 {[%emt 0:01:17]} c5 {[%emt 0:01:33]} 16. Rd2 {[%emt 0:04:03]} c4 {[%emt 0:00:12]} 17. f5 {[%emt 0:02:23]} cxb3 {[%emt 0:00:18]} 18. fxe6 {[%emt 0:00:04]} bxa2 {[%emt 0:00:09]} 19. Kb2 {[%emt 0:00:05]} Kxe6 {[%emt 0:03:12]} 20. Rhd1 {[%emt 0:00:44]} Rhd8 {[%emt 0:00:30]} 21. Rd5 {[%emt 0:00:46]} f6 {[%emt 0:04:03]} 22. Kxa2 {[%emt 0:01:27]} Rac8 {[%emt 0:00:03]} 23. Kb3 {[%emt 0:00:20]} Rc6 {[%emt 0:00:18]} 24. c4 {[%emt 0:04:49]} Rdc8 {[%emt 0:01:20]} 25. g4 {[%emt 0:01:30]} R8c7 {[%emt 0:02:54]} 26. R1d4 {[%emt 0:07:42]} Rb6+ {[%emt 0:01:14]} 27. Kc3 {[%emt 0:00:12]} Rcc6 {[%emt 0:00:53]} 28. h4 {[%emt 0:01:02]} Rb1 {[%emt 0:03:41]} 29. g5 {[%emt 0:00:37]} hxg5 {[%emt 0:04:56]} 30. hxg5 {[%emt 0:00:07]} b5 {[%emt 0:00:32]} 31. gxf6 {[%emt 0:02:40]} gxf6 {[%emt 0:00:02]} 32. Kd2 {[%emt 0:01:24]} bxc4 {[%emt 0:00:36]} 33. Kc3 {[%emt 0:01:58]} Re1 {[%emt 0:06:56]} 34. Ra5 {[%emt 0:01:44]} Re3+ {[%emt 0:00:44]} 35. Kb4 {[%emt 0:02:07]} a6 {[%emt 0:01:17]} 36. Rxc4 {[%emt 0:01:19]} Rb6+ {[%emt 0:01:30]} 37. Ka4 {[%emt 0:00:15]} Re1 {[%emt 0:00:05]} 38. Rc3 {[%emt 0:00:49]} Rxe4+ {[%emt 0:00:20]} 39. Ka3 {[%emt 0:00:05]} Re5 {[%emt 0:01:35]} 40. Ra4 {[%emt 0:00:00]} Rc5 {[%emt 0:00:24]} 41. Re3+ {[%emt 0:01:05]} Kf7 {[%emt 0:04:03]} 42. c3 {[%emt 0:00:53]} f5 {[%emt 0:00:31]} 43. Rh4 {[%emt 0:02:23]} Ra5+ {[%emt 0:02:10]} 44. Ra4 {[%emt 0:00:11]} Rxa4+ {[%emt 0:00:33]} 45. Kxa4 {[%emt 0:00:07]} Kf6 {[%emt 0:00:05]} 46. Ka5 {[%emt 0:00:18]} Rc6 {[%emt 0:00:25]} 47. Kb4 {[%emt 0:00:10]} f4 {[%emt 0:00:17]} 48. Re8 {[%emt 0:00:12]} Kf5 {[%emt 0:00:15]} 49. c4 {[%emt 0:00:10]} Kg4 {[%emt 0:02:09]} 50. Rg8+ {[%emt 0:01:02]} Kf3 {[%emt 0:00:08]} 51. Rg6 {[%emt 0:00:19]} Ke3 {[%emt 0:02:05]} 52. Kc3 {[%emt 0:00:13]} f3 {[%emt 0:00:45]} 53. Re6+ {[%emt 0:00:10]} Kf2 {[%emt 0:00:33]} 54. Kd3 {[%emt 0:00:15]} a5 {[%emt 0:01:37]} 55. c5 {[%emt 0:01:37]} Rxc5 {[%emt 0:00:08]} 56. Rxd6 {[%emt 0:00:04]} Re5 {[%emt 0:01:33]} 57. Kd2 {[%emt 0:03:03]} Kg2 {[%emt 0:00:34]} 58. Rg6+ {[%emt 0:00:21]} Kf1 {[%emt 0:00:03]} 59. Rg4 {[%emt 0:00:42]} f2 {[%emt 0:00:17]} 0-1

[Event "73rd ARM-chW Highest League 2018"]
[Site "Yerevan"]
[Date "2018.01.18"]
[Round "7"]
[White "Ghukasyan, Siranush"]
[Black "Arakelyan, Nare"]
[Result "1-0"]
[WhiteElo "2166"]
[BlackElo "1747"]
[Annotator "TA"]
[PlyCount "59"]
[EventDate "2018.??.??"]
[EventType "tourn"]
[EventCountry "ARM"]
[SourceTitle "playchess.com"]
[Source "ChessBase"]
[SourceQuality "1"]

{[%evp 20,59,61,70,80,107,144,106,200,120,125,132,216,110,320,307,1997,842,833,834,814,435,811,796,797,775,746,700,29959,1165,1101,941,29993,29965,29994,29995,29995,29996,29996,29997,29997,29987]} 1. e4 c5 2. Nf3 d6 3. d4 cxd4 4. Nxd4 Nf6 5. Nc3 a6 6. Be2 g6 7. Be3 Bg7 8. f3 Nc6 9. Qd2 Bd7 10. O-O-O O-O 11. g4 b5 {B76: Sizilianisch (Moderne Drachen-Variante)} (11... Rc8 12. g5 Nh5 13. Nd5 Ne5 14. Nb3 Be6 15. f4 Nc4 16. Bxc4 Rxc4 17. Qd3 Bxd5 18. Qxd5 Qc7 19. Rd2 Rc8 {0-1 (29) Motycakova,M (2185)-Svana,P (2264) Slovakia 2015}) 12. h4 Ne5 13. Bh6 Qa5 $146 (13... Bxh6 $16 14. Qxh6 b4) ({Vorgänger:} 13... b4 14. Nd5 Nxd5 15. exd5 Qa5 16. Kb1 Qxd5 17. Bxg7 Rfc8 18. Bxe5 Qxe5 {1-0 (28) Kovac,H (1828)-Ziskovic,N (1892) Cakovec 2010}) 14. Kb1 Bxh6 15. Qxh6 {Droht g5 und aus.} Rac8 16. Nd5 (16. g5 $18 Nh5 17. Nd5) 16... Qd8 $2 (16... Nxd5 $16 17. exd5 f6) 17. h5 $18 e6 $2 {[#]} (17... g5 18. Qxg5+ Kh8 19. Nxf6 (19. h6 Rg8 $18) 19... exf6) 18. hxg6 (18. Nf5 $142 $1 {[%mdl 512]} exf5 19. g5 (19. hxg6 fxg6 20. Nxf6+ Rxf6 $18) 19... Nxe4 20. hxg6 Nxg5 {[#]} 21. Nf6+ $1 {[%mdl 512]} Qxf6 22. gxh7+ Kh8 23. Qxf6#) 18... fxg6 19. Nxf6+ Rxf6 20. Qxh7+ Kf8 {[#]} 21. f4 $1 {[%mdl 512]} Nf7 {[#]} (21... Rxf4 22. Qh6+) 22. e5 $1 {[%mdl 512]} Rxf4 (22... dxe5 23. fxe5) 23. Qxg6 {Schwarz muss nun Th7 beachten.} Qc7 24. exd6 (24. Rdf1 $142 dxe5 25. Rxf4 Ke7 26. Rxf7+ Kd6 27. Qd3 Kc5 28. Nxb5 Qb8 29. Qe3+ Kc6 30. Na7+ Kc7 31. Qc5+ Kb7 32. Bf3+ e4 33. Bxe4+ Rc6 34. Bxc6+ Kc7 35. Rxd7#) 24... Qxd6 25. Nf5 {jetzt Df6 und aus.} Qc5 26. Qg7+ {Weiß setzt Matt.} Ke8 {[#]} 27. Rh8+ $1 {[%mdl 512]} Nxh8 28. Qxd7+ Kf8 29. Qg7+ Ke8 30. Qxh8+ {Precision: Weiß = 42%, Schwarz = 44%.} 1-0

[Event "73rd ARM-chW Highest League 2018"]
[Site "Yerevan"]
[Date "2018.01.18"]
[Round "7"]
[White "Mkrtchyan, Mariam"]
[Black "Khachatryan, Anna"]
[Result "1/2-1/2"]
[WhiteElo "1834"]
[BlackElo "2004"]
[Annotator "NA RC"]
[PlyCount "62"]
[EventDate "2018.??.??"]
[EventType "tourn"]
[EventCountry "ARM"]
[SourceTitle "playchess.com"]
[Source "ChessBase"]
[SourceQuality "1"]
[TimeControl "40/5400+30:1800+30"]

1. d4 {[%emt 0:00:00]} d5 {[%emt 0:00:55]} 2. Nf3 {[%emt 0:00:00]} Nf6 {[%emt 0:00:10]} 3. g3 {[%emt 0:00:45]} g6 {[%emt 0:00:08]} 4. Bg2 {[%emt 0:00:08]} Bg7 {[%emt 0:00:05]} 5. O-O {[%emt 0:00:07]} O-O {[%emt 0:00:04]} 6. c4 {[%emt 0:01:02]} c6 {[%emt 0:00:14]} 7. Ne5 {[%emt 0:03:13]} Be6 {[%emt 0:06:30] LiveBook: 14 Games} 8. Nd2 {[%emt 0:06:07] D78: Fianchetto Grünfeld: 6 0-0 c6} Ng4 $146 {[%emt 0:08:28]} ({Predecessor:} 8... Nbd7 9. cxd5 cxd5 {½-½ (9) Kurajica,B (2555)-Neverov,V (2587) Ljubljana 2002}) 9. cxd5 {[%emt 0:06:42]} cxd5 {[%emt 0:00:35]} 10. Nef3 {[%emt 0:00:52]} Nc6 {[%emt 0:03:52]} 11. Nb3 {[%emt 0:00:22]} b6 {[%emt 0:14:39]} 12. Bf4 {[%emt 0:09:09]} Rc8 {[%emt 0:11:15]} 13. Rc1 {[%emt 0:05:10]} Nf6 {[%emt 0:09:28]} 14. Ne5 {[%emt 0:04:50]} Nxe5 {[%emt 0:00:24]} 15. dxe5 {[%emt 0:14:23]} Rxc1 {[%emt 0:00:21]} 16. Bxc1 {[%emt 0:05:36]} Ne4 {[%emt 0:16:02]} 17. Nd4 {[%emt 0:05:28]} Qc8 {[%emt 0:09:16]} ({Black should play} 17... Bxe5 $11 18. Nxe6 fxe6) 18. f3 {[%emt 0:09:41]} Nc5 {[%emt 0:02:24]} 19. b4 {[%emt 0:01:35]} Nb7 {[%emt 0:07:23]} (19... Na6 $142) 20. Nxe6 {[%emt 0:05:18]} Qxe6 {[%emt 0:00:22]} 21. f4 {[%emt 0:00:01]} Rd8 {[%emt 0:00:48]} 22. Qb3 {[%emt 0:02:48]} (22. Qd3 $142) 22... Qc6 {[%emt 0:02:14]} 23. Bb2 {[%emt 0:02:33]} e6 {[%emt 0:01:42]} 24. Rc1 {[%emt 0:00:46]} Qb5 {[%emt 0:00:22]} 25. e3 {[%emt 0:03:40]} Bf8 {[%emt 0:01:48]} 26. Rc7 {[%emt 0:02:26]} Rb8 {[%emt 0:00:11]} 27. Ba3 $11 {[%emt 0:01:42]} Na5 {[%emt 0:02:50]} 28. Qc3 {[%emt 0:05:42]} Nc4 {[%emt 0:00:04]} 29. Bf1 {[%emt 0:00:10]} a5 {[%emt 0:00:09]} 30. Bxc4 {[%emt 0:01:10]} dxc4 {[%emt 0:00:02]} 31. Rxc4 {[%emt 0:00:49]} Qa4 {[%emt 0:00:11]} 1/2-1/2